[Event "OP-2011-0-01447"]
[Site "LSS email"]
[Date "2011.03.18"]
[Round "?"]
[White "Molano Lafuente, Ismael"]
[Black "Kuchta, Jiri"]
[Result "0-1"]
[WhiteElo "1332"]
[BlackElo "2186"]
[PlyCount "41"]
[EventDate "2011.03.15"]
[EventType "tourn (corr)"]
[EventRounds "4"]
[EventCountry "GER"]
[SourceTitle "Telechess CBM 147"]
[Source "ChessBase"]
[SourceDate "2012.03.16"]
[SourceVersion "1"]
[SourceVersionDate "2012.03.16"]
[SourceQuality "1"]

1. e4 c5 2. b3 Nc6 3. Bb2 d6 4. Bb5 e5 5. Nc3 Nf6 6. Nf3 Be7 7. 0-0 0-0 8. Bxc6 bxc6 9. d3 Be6 10. Ng5 Bg4 11. f3 Bd7 12. f4 Ng4 13. Qd2 exf4 14. Nh3 g5 15. Nd1 Bf6 16. c3 Ne5 17. d4 Ng6 18. Ndf2 cxd4 19. cxd4 Re8 20. Rae1 a5 21. Ng4 0-1